| 000 | 00420nam a22001217a 4500 | ||
|---|---|---|---|
| 040 | _cNUST | ||
| 082 |
_a297.14095491 _bPAK |
||
| 100 |
_aڈاکٹر عمیر محمود صدیقی _9113077 |
||
| 245 |
_aپاکستان کا مطلب کیا؟/ _cڈاکٹر عمیر محمود صدیقی |
||
| 260 |
_aکراچی _bاسلامی تحقیق و اشاعت بیورو _c2021. |
||
| 300 |
_a232p. ; _bHardcover |
||
| 942 |
_2ddc _cBK |
||
| 999 |
_c594937 _d594937 |
||